000
00268nam a2200097Ia 4500
001
1219729
005
20250827092757.0
008
250824s9999 xx 000 0 und d
245
0
_a
USTA BİR ŞİFACININ KADİM SIRLARI
_c
DR CLİNT G. ROGERS
260
_b
DESTEK YAYINLARI
999
_c
1219729
_d
1219729